Building your own home. -- 18th ed. (Record no. 36334)

MARC details
000 -LEADER
fixed length control field 00600nam a2200169 a 4500
008 - FIXED-LENGTH DATA ELEMENTS--GENERAL INFORMATION
fixed length control field 090325s2006 ||||||||||||||||| || u
020 ## - INTERNATIONAL STANDARD BOOK NUMBER
International Standard Book Number 9780091910839
050 ## - LIBRARY OF CONGRESS CALL NUMBER
Classification number TH 4815 Sne
100 ## - MAIN ENTRY--PERSONAL NAME
Personal name Snell, David
245 10 - TITLE STATEMENT
Title Building your own home. -- 18th ed.
Statement of responsibility, etc. David Snell
260 ## - PUBLICATION, DISTRIBUTION, ETC.
Place of publication, distribution, etc. London
Name of publisher, distributor, etc. Ebury
Date of publication, distribution, etc. 2006
300 ## - PHYSICAL DESCRIPTION
Extent 464p.: ill.
350 ## - PRICE (NR) (BK AM CF MU VM SE) [OBSOLETE]
Price 0.00
650 ## - SUBJECT ADDED ENTRY--TOPICAL TERM
Topical term or geographic name entry element BUILDING
650 ## - SUBJECT ADDED ENTRY--TOPICAL TERM
Topical term or geographic name entry element HOUSE CONSTRUCTION--AMATEUR'S MANUALS
995 ## - RECOMMENDATION 995 [LOCAL, UNIMARC FRANCE]
-- 0.00
-- CBU-MAIN LIBRARY (Kitwe)
-- 1
-- 0.00
-- 1
-- AVAILABLE
-- May 14, 2009
-- Main Library Open Access Collection
Holdings
Withdrawn status Lost status Source of classification or shelving scheme Damaged status Not for loan Home library Current library Shelving location Date acquired Total Checkouts Full call number Barcode Date last seen Price effective from Koha item type
          CBU-MAIN LIBRARY, KITWE. CBU-MAIN LIBRARY, KITWE.   11/30/2022   TH 4815 Sne 740022 11/30/2022 11/30/2022 MONOGRAPH